000 01580nam a2200469 a 4500
001 21457
003 VRT
005 20260302124255.0
008 140226s2013 xo al e 000 0 slo c
020 _a9788081077678 (viaz.)
039 9 _a201612281512
_bmbpksh04
_c201611161418
_dmbjkdg02
_c201605241401
_dcttkjf01
_c201604131100
_dmpppk02
040 _aHEVK
_bslo
_cHEVK
_eAACR2
041 0 _aslo
_hrus
044 _axo
_cSK
072 7 _a373.2/.3
_xPredškolská a primárna výchova a vzdelávanie
_2konspekt
072 7 _a0/9-053.2
_xLiteratúra pre deti a mládež (náučná)
_2konspekt
080 _a316.346.32-053.4
_22001
080 _a373.2/.3
_22001
080 _a159.955
_22001
080 _a(031)
_22001
080 _a(0.053.2)
_22001
080 _a(076.1)
_22001
240 0 0 _aEnciklopedija podgotovki k škole
_lSlovensky
245 0 0 _aEncyklopédia predškoláka
_bvšetko, čo potrebujem vedieť, kým pôjdem do školy
_c[z ruského vydania preložila Renata Javorská]
250 _a2. slov. vyd.
260 _aBratislava
_bSvojtka
_c2016
300 _a288 s.
_bfareb. ilustr.
_c28 cm
650 0 7 _adeti predškolského veku
_2SNKPH
650 0 7 _apredškolská výchova
_2SNKPH
650 0 7 _arozvoj myslenia
_2SNKPH
655 7 _aencyklopédie
_2SNKPH
655 7 _apublikácie pre deti
_2SNKPH
655 7 _apracovné zošity
_2SNKPH
700 1 _aJavorská, Renata
_4trl
910 _ahevk
910 _askpk
910 _apppk
910 _abjkdg
910 _abpksh
942 _2ddc
_cOLDE
_n0
949 _63869A18333
_abpksh316.346.32
_bbpksh68829
999 _c21457
_d21457